| 000 | 00671nas a2200241 4500 | ||
|---|---|---|---|
| 001 | BR8800551 | ||
| 003 | BR-BrBNA | ||
| 005 | 20231205091024.0 | ||
| 007 | ta | ||
| 008 | 230509b bl.|||p| |||| 00| 00por d | ||
| 040 |
_aBR-BrBNA _bpor _cBiblioteca Nacional de Agricultura |
||
| 041 | _a(Pt) | ||
| 072 | _aP34 | ||
| 100 | 1 | _aLin, M.T. | |
| 245 | 1 | _aUso de micorrizas em fruticultura | |
| 650 | _aFRUTA CITRICA | ||
| 650 | _aMARACUJA | ||
| 650 | _aMORANGO | ||
| 650 | _aMICORRIZA | ||
| 773 | 0 |
_tRevista Brasileira de Fruticultura (Brazil) _xISSN 0100-2945 _g(1986), v. 8(3) p. 47-55 _wBR8800551 |
|
| 909 |
_a202311 _bLúcia _c55 _dLúcia Elande |
||
| 942 |
_2AGRIS _n0 _cANA |
||
| 999 |
_c122281 _d122281 |
||